|
|
|
|
| LEADER |
01137nam a2200265 a 4500 |
| 001 |
1525787 |
| 008 |
090511s1990 coua b 101 0 eng d |
| 010 |
|
|
|a 90032344
|
| 020 |
|
|
|a 0813379660 (alk. paper)
|
| 040 |
|
|
|a DLC
|c DLC
|d DLC
|
| 050 |
0 |
0 |
|a SB189.6
|b .I57 1989
|
| 082 |
0 |
0 |
|a 633.1/0456
|2 20
|
| 111 |
2 |
|
|a International Symposium on Pre-harvest Sprouting in Cereals
|n (5th :
|d 1989 :
|c Loen, Norway)
|
| 245 |
1 |
0 |
|a Fifth International Symposium on Pre-harvest Sprouting in Cereals /
|c edited by Kåre Ringlund, Ellen Mosleth, and Daryl J. Mares.
|
| 260 |
|
|
|a Boulder :
|b Westview Press,
|c c1990.
|
| 300 |
|
|
|a xxi, 360 p. :
|b ill. ;
|c 23 cm.
|
| 504 |
|
|
|a Includes bibliographical references and index.
|
| 541 |
1 |
|
|e 00004885
|
| 650 |
|
0 |
|a Grain
|x Preharvest sprouting
|x Congresses.
|
| 700 |
1 |
|
|a Ringlund, Kåre.
|
| 700 |
1 |
|
|a Mosleth, Ellen.
|
| 700 |
1 |
|
|a Mares, Daryl J.
|
| 852 |
4 |
|
|a <add library>
|j <shelf mark>
|
| 999 |
|
|
|c 570
|d 570
|
| 952 |
|
|
|0 0
|1 0
|2 ddc
|4 0
|6 633_104560000000000_FIF_1990
|7 0
|9 520
|a BRACUL
|b BRACUL
|c GEN
|d 2009-05-11
|g 0.00
|l 0
|o 633.10456 FIF
|p 3010004885
|r 2009-05-11
|t 1
|w 2009-05-11
|y BK
|x No price found in the accession register.
|